000 00470nmm a2200157Ia 4500
008 251105s9999||||xx |||||||||||||||||und||
020 _a9788492722259
041 _aspa
100 _aBerbel, Esmeralda
245 0 _a27 de septiembre :
_b Un día en la vida de las mujeres
264 _a[Madrid, España] :
_bEditorial Alfama,
_c2007
300 _a246 páginas
650 _aSpanish literature
856 _uhttps://public.digitaliapublishing.com/a/1179
942 _cCF
999 _c89054
_d89054